000 00296nam a22001337a 4500
008 170210b xxu||||| |||| 00| 0 eng d
020 _a9780495553403
041 _aeng
080 _26ED
_a61
100 _a4
101 _aSHM
245 _aLIFE SPAN HUMAN DEVOLPMENT
_cSIGELMAN
942 _2udc
_cBK
999 _c5193
_d5193